| 000 | 00904nam a22002653a 4500 | ||
|---|---|---|---|
| 005 | 20230218063558.0 | ||
| 008 | 010920m19992006mx r 000 0 spa d | ||
| 020 | _a8478841636 | ||
| 035 | _aUPN01000111787 | ||
| 049 | _aCG | ||
| 050 | 4 |
_aHN49 C6 _bC4.5 1999 |
|
| 100 | 1 | _aCembranos, Fernando | |
| 245 | 1 | 3 |
_aLa animación sociocultural : _buna propuesta metodológica / _cFernando Cembranos, David H. Montesinos, María Bustelo. |
| 250 | _a7a ed. | ||
| 260 |
_aMadrid : _bPopular, _c1999 (2006 impr.). |
||
| 300 |
_a238 p. : _bil. |
||
| 440 | 0 |
_aPromoción cultural ; _v7 |
|
| 590 | _a(También localizas un ejemplar en el "Area de Reserva") | ||
| 590 | _aBibliografía Básica (BGTQ) | ||
| 650 | 4 |
_aDesarrollo de la comunidad _9458 |
|
| 650 | 4 |
_aCOMUNIDAD, ORGANIZACION DE LA _98907 |
|
| 700 | 1 |
_aHernández Montesinos, David, _ecoaut. |
|
| 700 | 1 |
_aBustelo, María, _ecoaut. |
|
| 905 | _aLibro | ||
| 999 |
_c85695 _d85695 |
||